Statistics for Pokémon starting with an L (generation 1-7)

Click here to take the quiz!

General Stats

  • This quiz has been taken 4 times
  • The average score is 32 of 38

Answer Stats

GenPokémon% Correct
2Lanturn
100%
1Lapras
100%
2Larvitar
100%
2Ledian
100%
2Ledyba
100%
4Lickilicky
100%
1Lickitung
100%
5Liepard
100%
3Lileep
100%
5Lilligant
100%
5Lillipup
100%
3Lombre
100%
3Lotad
100%
3Ludicolo
100%
2Lugia
100%
4Lumineon
100%
3Lairon
75%
5Lampent
75%
5Landorus
75%
5Larvesta
75%
3Latias
75%
3Latios
75%
4Leafeon
75%
5Leavanny
75%
3Linoone
75%
6Litleo
75%
5Litwick
75%
4Lopunny
75%
3Loudred
75%
4Lucario
75%
7Lunala
75%
3Lunatone
75%
7Lurantis
75%
3Luvdisc
75%
4Luxio
75%
4Luxray
75%
7Lycanroc
50%
7Litten
25%

Score Distribution

Percentile by Number Answered

Percent of People with Each Score

Your Score History

You have not taken this quiz